000 00512nab a2200133 4500
003 ES-SlBC
005 20211111215346.0
008 131001b2012 sp ||||| |||| 00| 0 spa d
040 _aES-SlBC
_bspa
100 1 _aPérez López, Segundo Leonardo
_99223
245 1 3 _aUn nuevo hito en la historia de Galicia
_c: el episcopologio compostelano moderno
773 0 _gVol. 57, Nº. 3-4, 2012 , págs. 275-293
_tCompostellanum: Revista de la Archidiócesis de Santiago de Compostela
_wRev130
_x0573-2018
942 _2lcc
_cAR
999 _c447551
_d447551